La série est un récit (improvisé) : l’articulation de l’intrigue à long terme et la notion de « mythologie » (notice n° 1608941)

détails MARC
000 -LEADER
fixed length control field 01272cam a2200157 4500500
005 - DATE AND TIME OF LATEST TRANSACTION
control field 20251228151126.0
041 ## - LANGUAGE CODE
Language code of text/sound track or separate title fre
042 ## - AUTHENTICATION CODE
Authentication code dc
100 10 - MAIN ENTRY--PERSONAL NAME
Personal name Favard, Florent
Relator term author
245 00 - TITLE STATEMENT
Title La série est un récit (improvisé) : l’articulation de l’intrigue à long terme et la notion de « mythologie »
260 ## - PUBLICATION, DISTRIBUTION, ETC.
Date of publication, distribution, etc. 2016.<br/>
500 ## - GENERAL NOTE
General note 40
520 ## - SUMMARY, ETC.
Summary, etc. Cet article s’intéresse à la notion de « mythologie » telle qu’elle est employée par les scénaristes et critiques (notamment dans la sphère anglo-saxonne) et à ce qu’elle pourrait apporter à la compréhension des structures narratives macroscopiques déployées à l’échelle des séries télévisées narrativement complexes contemporaines. Il se focalise sur des séries ayant participé à la popularisation et à l’évolution de cette notion – The X-Files (Fox, 1993-2002), Fringe (Fox, 2008-2013) et Person of Interest (CBS, 2011-présent) – et s’interroge sur la construction du récit télévisuel au travers des glissements de sens de la notion dynamique qu’est la mythologie d’une série.
786 0# - DATA SOURCE ENTRY
Note Télévision | 7 | 1 | 2016-03-24 | p. 49-64 | 2108-8926
856 41 - ELECTRONIC LOCATION AND ACCESS
Uniform Resource Identifier <a href="https://shs.cairn.info/revue-television-2016-1-page-49?lang=fr&redirect-ssocas=7080">https://shs.cairn.info/revue-television-2016-1-page-49?lang=fr&redirect-ssocas=7080</a>

Pas d'exemplaire disponible.

PLUDOC

PLUDOC est la plateforme unique et centralisée de gestion des bibliothèques physiques et numériques de Guinée administré par le CEDUST. Elle est la plus grande base de données de ressources documentaires pour les Étudiants, Enseignants chercheurs et Chercheurs de Guinée.

Adresse

627 919 101/664 919 101

25 boulevard du commerce
Kaloum, Conakry, Guinée

Réseaux sociaux

Powered by Netsen Group @ 2025